[Event "Geneve op 27th"]
[Site "Geneve"]
[Date "2013.03.08"]
[Round "7"]
[White "Beyeler, Alexandre"]
[Black "Barson, Iain"]
[Result "0-1"]
[WhiteElo "1395"]
[BlackElo "1507"]
[PlyCount "90"]
[EventDate "2013.01.18"]
[EventType "swiss"]
[EventRounds "7"]
[EventCountry "SUI"]
[SourceTitle "EXT 2014"]
[Source "ChessBase"]
[SourceDate "2013.11.20"]
[SourceVersion "1"]
[SourceVersionDate "2013.11.20"]
[SourceQuality "1"]

1. d4 d5 2. Nf3 h6 3. c4 Bf5 4. Nc3 e6 5. Bf4 Bb4 6. Qb3 Bxc3+ 7. bxc3 b6 8. e3 Ne7 9. Be2 0-0 10. 0-0 Nbc6 11. Ne5 Na5 12. Qa4 Nc8 13. cxd5 exd5 14. c4 Nd6 15. cxd5 Ne4 16. Rfc1 Rc8 17. f3 Nf6 18. e4 Bd7 19. Nc6 Bxc6 20. dxc6 Nh5 21. Be3 Qf6 22. d5 Qd6 23. Rab1 Rfe8 24. Qb4 Qg6 25. Bd2 f5 26. Bd3 Qf7 27. Qd4 Rcd8 28. Bxa5 bxa5 29. Bc4 Kh8 30. Re1 fxe4 31. Rxe4 Qg6 32. Rbe1 Nf6 33. Rxe8+ Rxe8 34. Rxe8+ Qxe8 35. Kf2 Qh5 36. d6 cxd6 37. Qxd6 Qh4+ 38. g3 Qxc4 39. c7 Qxa2+ 40. Ke3 Nd5+ 41. Qxd5 Qxd5 42. c8Q+ Qg8 43. Qc5 Qb3+ 44. Kd4 Qd1+ 45. Ke3 Qg1+ 0-1

[Event "Geneve op 27th"]
[Site "Geneve"]
[Date "2013.01.18"]
[Round "1"]
[White "Beyeler, Alexandre"]
[Black "Nawrocki, Bronislaw"]
[Result "0-1"]
[WhiteElo "1395"]
[BlackElo "1748"]
[PlyCount "110"]
[EventDate "2013.01.18"]
[EventType "swiss"]
[EventRounds "7"]
[EventCountry "SUI"]
[SourceTitle "EXT 2014"]
[Source "ChessBase"]
[SourceDate "2013.11.20"]
[SourceVersion "1"]
[SourceVersionDate "2013.11.20"]
[SourceQuality "1"]

1. d4 Nf6 2. Nf3 g6 3. c4 Bg7 4. Nc3 d6 5. Bg5 Nbd7 6. e3 h6 7. Bxf6 Nxf6 8. Be2 0-0 9. 0-0 Nd7 10. Qb3 c6 11. Rac1 Qb6 12. Qxb6 Nxb6 13. c5 dxc5 14. dxc5 Nd5 15. Nxd5 cxd5 16. Nd4 e5 17. Nf3 Bd7 18. Rfd1 Bc6 19. b4 a6 20. h3 Rfe8 21. a4 Bxa4 22. Rxd5 Bc6 23. Rd2 Rad8 24. Rcd1 Rxd2 25. Rxd2 Bf8 26. Kf1 Kg7 27. Ke1 f5 28. Rb2 Kf6 29. b5 axb5 30. Bxb5 Bxc5 31. Bxc6 bxc6 32. Rc2 Bb4+ 33. Ke2 c5 34. Nd2 Ke6 35. f3 Rd8 36. e4 Rxd2+ 37. Rxd2 Bxd2 38. Kxd2 f4 39. Kc3 Kd6 40. Kd3 g5 41. Kc3 Kc7 42. Kc4 Kc6 43. Kc3 Kb5 44. Kb3 c4+ 45. Kc3 Kc5 46. Kc2 Kd4 47. Kd2 c3+ 48. Ke2 h5 49. h4 gxh4 50. Ke1 Kd3 51. Kd1 c2+ 52. Kc1 Kc3 53. g3 h3 54. gxf4 h2 55. fxe5 h1R# 0-1